00612nam a2200205Ia 4500008004100000050001500041050001600056100002400072245004000096245006600136260001300202260002200215260000900237300001500246300002600261300001100287500002000298650003400318650005400352200601s9999 xx 000 0 und d aREF DS 688 b.B6L66 2010 aLoop, Honey Jarque. 0aYour guide to Boracay Philippines / 0cHoney Jarque Loop, Quennie Sanchez-Bronce, Daniel Carpentier. a[s. l. ] bPDP Digital, Inc. c2010 a84 pages : bcolor illustrations ; c22 cm. aIncludes index. aRecreation areas -- Boracay.  xBoracay (Philippines) -- Description and travel.